Heart of the Cross : (Record no. 52297)
[ view plain ]
| 000 -LEADER | |
|---|---|
| fixed length control field | 02077cam a22003494a 4500 |
| 001 - CONTROL NUMBER | |
| control field | 14269916 |
| 005 - DATE AND TIME OF LATEST TRANSACTION | |
| control field | 20240311193734.0 |
| 008 - FIXED-LENGTH DATA ELEMENTS--GENERAL INFORMATION | |
| fixed length control field | 060217s2006 kyu b 001 0 eng |
| 010 ## - LIBRARY OF CONGRESS CONTROL NUMBER | |
| LC control number | 2006042058 |
| 020 ## - INTERNATIONAL STANDARD BOOK NUMBER | |
| International Standard Book Number | 0664230636 (alk. paper) |
| 020 ## - INTERNATIONAL STANDARD BOOK NUMBER | |
| International Standard Book Number | 9780664230630 (alk. paper) |
| 020 ## - INTERNATIONAL STANDARD BOOK NUMBER | |
| International Standard Book Number | 9780664230630 |
| 035 ## - SYSTEM CONTROL NUMBER | |
| System control number | (OCoLC)ocm64453526 |
| 035 ## - SYSTEM CONTROL NUMBER | |
| System control number | (OCoLC)64453526 |
| 040 ## - CATALOGING SOURCE | |
| Original cataloging agency | DLC |
| Transcribing agency | DLC |
| Modifying agency | DLC |
| 042 ## - AUTHENTICATION CODE | |
| Authentication code | pcc |
| 043 ## - GEOGRAPHIC AREA CODE | |
| Geographic area code | n-us--- |
| 100 1# - MAIN ENTRY--PERSONAL NAME | |
| Personal name | Joh, Wonhee Anne. |
| 245 10 - TITLE STATEMENT | |
| Title | Heart of the Cross : |
| Remainder of title | a postcolonial christology / |
| Statement of responsibility, etc | Wonhee Anne Joh. |
| 250 ## - EDITION STATEMENT | |
| Edition statement | 1st ed. |
| 260 ## - PUBLICATION, DISTRIBUTION, ETC. (IMPRINT) | |
| Place of publication, distribution, etc | Louisville, Ky. : |
| Name of publisher, distributor, etc | Westminster John Knox Press, |
| Date of publication, distribution, etc | c2006. |
| 300 ## - PHYSICAL DESCRIPTION | |
| Extent | xxvi, 164 p. ; |
| Dimensions | 23 cm. |
| 336 ## - CONTENT TYPE | |
| Content Type Term | text |
| 337 ## - MEDIA TYPE | |
| Media Type Term | unmediated |
| 338 ## - CARRIER TYPE | |
| Carrier Type Term | volume |
| 504 ## - BIBLIOGRAPHY, ETC. NOTE | |
| Bibliography, etc | Includes bibliographical references (p. 129-151) and index. |
| 505 ## - FORMATTED CONTENTS NOTE | |
| Formatted contents note | Introduction. A postcolonial preamble ; Searching for roots ; "Resident alien": displacement(s) ; Complex route/deep roots ; Argument of the book ; Mapping this book<br/>Identity out of place. Out of place ; Essentialism of trial ; Politics of home ; Feminist, postcolonial identity - toward Jeong<br/>Han and Jeong. Psychoanalysis of Han and Jeong ; Tales of Jeong ; Translated translator ; Joint security area: life and struggle at the DMZ ; Sa-I-Gu: life and struggle in the L.A. riots<br/>Postcolonial theory and Korean American theology. Alien/nation ; Identity as a "sweeping force" ; Hybridity ; Mimicry ; Interstitial third space ; Debating "postcolonialism"<br/>The crucified God : the way of Jeong. Violent undertones and radical solidarity ; Jurgen Moltmann's The Crucified God and Trinitarian Christology ; Emancipatory praxis of Jeong<br/>A Christology of Jeong. Destabilizing the patriarchal divinity ; Han/sin and Jeong/salvation ; The powers of Jeong and the horrors of Han ; Julia Kristev's abjection and love<br/>A christology of Jeong<br/>Conclusion: Heart of the cross |
| 600 00 - SUBJECT ADDED ENTRY--PERSONAL NAME | |
| Personal name | Jesus Christ |
| General subdivision | Person and offices. |
| 650 #0 - SUBJECT ADDED ENTRY--TOPICAL TERM | |
| Topical term or geographic name as entry element | Korean Americans |
| General subdivision | Religion. |
| 650 #0 - SUBJECT ADDED ENTRY--TOPICAL TERM | |
| Topical term or geographic name as entry element | Postcolonialism. |
| 942 ## - ADDED ENTRY ELEMENTS (KOHA) | |
| Source of classification or shelving scheme | Library of Congress Classification |
| Item type | Books |
| Withdrawn status | Lost status | Source of classification or shelving scheme | Damaged status | Not for loan | Home library | Current library | Shelving location | Date acquired | Source of acquisition | Inventory number | Total Checkouts | Full call number | Barcode | Date last seen | Price effective from | Koha item type |
|---|---|---|---|---|---|---|---|---|---|---|---|---|---|---|---|---|
| Library of Congress Classification | BSOP Library | BSOP Library | GC | 03/11/2024 | Theological Book Network | 47655 | BT205 J59 2006 | 00058253 | 03/11/2024 | 03/11/2024 | Books |
